[Event "MNT-chT 1st League"]
[Site "Podgorica"]
[Date "2019.07.26"]
[Round "7.5"]
[White "Batricevic, Sasa"]
[Black "Pajkovic, Vladimir"]
[Result "1/2-1/2"]
[WhiteElo "2186"]
[BlackElo "2426"]
[PlyCount "133"]
[EventDate "2019.07.20"]
[EventType "team-tourn"]
[EventRounds "9"]
[EventCountry "MNE"]
[SourceTitle "EXT 2020"]
[Source "ChessBase"]
[SourceDate "2019.10.17"]
[SourceVersion "1"]
[SourceVersionDate "2019.10.17"]
[SourceQuality "1"]
[WhiteTeam "Crnogorac"]
[BlackTeam "Buducnost"]
[WhiteTeamCountry "MNE"]
[BlackTeamCountry "MNE"]

1. e4 e5 2. d4 exd4 3. Nf3 Nc6 4. Bb5 a6 5. Ba4 Bc5 6. 0-0 d6 7. b4 Ba7 8. Nxd4 Nge7 9. Nxc6 Nxc6 10. Bb2 0-0 11. Bxc6 bxc6 12. Qd3 Qg5 13. Nd2 a5 14. a3 Ba6 15. c4 Rfe8 16. Kh1 d5 17. f4 Qh6 18. Rf3 dxe4 19. Nxe4 Rad8 20. Qc2 Qe6 21. Ng3 Qxc4 22. Qf5 Bd4 23. Bxd4 Qxd4 24. Rg1 axb4 25. axb4 Bc4 26. Qa5 Bd5 27. Rff1 Rd7 28. Qa3 f6 29. h3 Qd2 30. Kh2 Kf7 31. Nf5 g6 32. Ng3 Re3 33. Qa8 Re8 34. Qa5 Qd4 35. f5 Re3 36. fxg6+ hxg6 37. Re1 Rde7 38. Rxe3 Qxe3 39. Qa1 Qf4 40. Rf1 Re2 41. Qxf6+ Qxf6 42. Rxf6+ Kxf6 43. Nxe2 Ke5 44. Kg3 Ke4 45. h4 Be6 46. Nf4 Bf5 47. h5 gxh5 48. Nxh5 Kd4 49. Kf2 Kc4 50. Ke1 Kxb4 51. Kd2 Kb3 52. Kc1 Kc3 53. Nf6 Bg6 54. Nd7 Kd4 55. g4 c5 56. Nf8 Bf7 57. g5 Ke5 58. g6 Bc4 59. Nd7+ Kd6 60. Nf6 Ke6 61. Ne4 Kf5 62. Nxc5 Kxg6 63. Kd2 Kf5 64. Kc3 Bb5 65. Kd4 Bf1 66. Nb3 Ke6 67. Kc5 1/2-1/2

[Event "MNT-chT"]
[Site "Niksic"]
[Date "2018.08.09"]
[Round "3.1"]
[White "Batricevic, Sasa"]
[Black "Cetkovic, Miodrag"]
[Result "1/2-1/2"]
[WhiteElo "2182"]
[BlackElo "2199"]
[PlyCount "68"]
[EventDate "2018.08.07"]
[EventType "team-tourn"]
[EventRounds "9"]
[EventCountry "MNE"]
[SourceTitle "CBM 186 Extra"]
[Source "ChessBase"]
[SourceDate "2018.08.24"]
[SourceVersion "1"]
[SourceVersionDate "2018.08.24"]
[SourceQuality "1"]
[WhiteTeam "Crnogorac"]
[BlackTeam "Kotor"]
[WhiteTeamCountry "MNE"]
[BlackTeamCountry "MNE"]

1. e4 c5 2. Nf3 e6 3. Nc3 Nc6 4. Bb5 d6 5. d4 cxd4 6. Qxd4 Bd7 7. Bxc6 bxc6 8. Qd3 Be7 9. 0-0 e5 10. b3 Qa5 11. Nd2 Be6 12. Nc4 Qc7 13. Ba3 Rd8 14. Qe2 Nf6 15. Bb2 0-0 16. Rad1 Bg4 17. f3 Be6 18. g4 Rfe8 19. Rd2 d5 20. exd5 cxd5 21. Nxe5 Bb4 22. Nb5 Qb7 23. Rdd1 Bd7 24. Nd4 Qc7 25. Nf5 Bxf5 26. gxf5 d4 27. f4 Bc3 28. Bxc3 Qxc3 29. Rf3 Qc5 30. Qc4 Qxc4 31. bxc4 Ne4 32. Rfd3 Nc3 33. R1d2 Ne4 34. Rd1 Nc3 1/2-1/2

[Event "MNT-chT"]
[Site "Niksic"]
[Date "2018.08.08"]
[Round "2.5"]
[White "Radonjic, Milan"]
[Black "Batricevic, Sasa"]
[Result "0-1"]
[WhiteElo "2048"]
[BlackElo "2182"]
[PlyCount "106"]
[EventDate "2018.08.07"]
[EventType "team-tourn"]
[EventRounds "9"]
[EventCountry "MNE"]
[SourceTitle "CBM 186 Extra"]
[Source "ChessBase"]
[SourceDate "2018.08.24"]
[SourceVersion "1"]
[SourceVersionDate "2018.08.24"]
[SourceQuality "1"]
[WhiteTeam "Omladinac Buducnost"]
[BlackTeam "Crnogorac"]
[WhiteTeamCountry "MNE"]
[BlackTeamCountry "MNE"]

1. d4 d5 2. Nf3 Nc6 3. Bf4 Bg4 4. e3 e6 5. Be2 Bd6 6. Bg3 h5 7. Nbd2 h4 8. Bxd6 Qxd6 9. h3 Bxf3 10. Bxf3 e5 11. c3 Nge7 12. 0-0 f5 13. dxe5 Nxe5 14. Be2 0-0-0 15. Qa4 Kb8 16. c4 g5 17. cxd5 g4 18. hxg4 Nxg4 19. Bxg4 fxg4 20. Ne4 Qxd5 21. Rfd1 Qe5 22. Rxd8+ Rxd8 23. Nc3 Rg8 24. Qe4 Qf6 25. Rd1 Rf8 26. Rd2 g3 27. f3 a6 28. Qd4 Qh6 29. f4 h3 30. Qe4 hxg2 31. Qxg2 Nf5 32. Nd5 Qc6 33. Nc3 Qc5 34. Qe4 Nxe3 35. Qd4 Qxd4 36. Rxd4 Nf5 37. Rd3 Re8 38. Nd5 Re2 39. Rb3 c6 40. Nc3 Rf2 41. Ne4 Rxf4 42. Nc5 b5 43. Nxa6+ Ka7 44. Nc5 Rc4 45. Ne6 Rc1+ 46. Kg2 Rc2+ 47. Kg1 g2 48. Nf4 Nh4 49. Kh2 Rf2 50. Nh3 Rc2 51. Nf4 Rc1 52. Ne2 Rh1+ 53. Kg3 Re1 0-1

[Event "MNT-chT"]
[Site "Montenegro"]
[Date "2017.09.27"]
[Round "5.2"]
[White "Bujisic, Vlastimir"]
[Black "Batricevic, Sasa"]
[Result "0-1"]
[WhiteElo "2259"]
[BlackElo "2214"]
[PlyCount "44"]
[EventDate "2017.09.23"]
[EventType "team"]
[EventRounds "9"]
[EventCountry "MNE"]
[SourceTitle "EXT 2019"]
[Source "ChessBase"]
[SourceDate "2018.10.10"]
[SourceVersion "1"]
[SourceVersionDate "2018.10.10"]
[SourceQuality "1"]
[WhiteTeam "Rudar"]
[BlackTeam "Crnogorac"]
[WhiteTeamCountry "MNE"]
[BlackTeamCountry "MNE"]

1. e4 c5 2. Nf3 Nc6 3. d4 cxd4 4. Nxd4 e5 5. Nb5 a6 6. Nd6+ Bxd6 7. Qxd6 Qf6 8. Qd1 Qg6 9. Nc3 Nge7 10. h4 h5 11. Rh3 d5 12. Rg3 Bg4 13. f3 dxe4 14. fxg4 Rd8 15. Bd2 f5 16. Re3 hxg4 17. g3 Nd4 18. Bg2 Nf3+ 19. Bxf3 gxf3 20. Rxf3 exf3 21. Qxf3 f4 22. 0-0-0 Nc6 0-1

[Event "MNT-chT"]
[Site "Niksic"]
[Date "2016.08.13"]
[Round "8.5"]
[White "Batricevic, Sasa"]
[Black "Perovic, Rade"]
[Result "1/2-1/2"]
[WhiteElo "2192"]
[BlackElo "1915"]
[PlyCount "71"]
[EventDate "2016.08.06"]
[EventType "team-tourn"]
[EventRounds "9"]
[EventCountry "MNE"]
[SourceTitle "CBM 173 Extra"]
[Source "ChessBase"]
[SourceDate "2016.08.29"]
[SourceVersion "1"]
[SourceVersionDate "2016.08.29"]
[SourceQuality "1"]

1. e4 Nf6 2. e5 Nd5 3. c4 Nb6 4. c5 Nd5 5. Nc3 e6 6. d4 Nxc3 7. bxc3 b6 8. cxb6 axb6 9. Qf3 Nc6 10. Nh3 Bb7 11. Qg3 d6 12. exd6 cxd6 13. Bd3 Qc7 14. 0-0 g6 15. Nf4 Ne7 16. Re1 e5 17. dxe5 dxe5 18. Bb5+ Kd8 19. Nd3 f6 20. Nb4 Nf5 21. Rd1+ Bd6 22. Qh3 Ke7 23. Nd5+ Bxd5 24. Rxd5 Kf7 25. a4 Rad8 26. Ra2 h5 27. Rd1 Bc5 28. Rad2 Rxd2 29. Rxd2 Rd8 30. Qf3 Rxd2 31. Bxd2 Qd6 32. Qe2 Kg7 33. Bc4 Qc6 34. Bb5 Qd6 35. Bc4 Qc6 36. Bb5 1/2-1/2

[Event "Sarajevo Bosna op 46th"]
[Site "Sarajevo"]
[Date "2016.05.28"]
[Round "1"]
[White "Batricevic, Sasa"]
[Black "Nestorovic, Katarina"]
[Result "1-0"]
[WhiteElo "2296"]
[BlackElo "1849"]
[PlyCount "69"]
[EventDate "2016.05.28"]
[EventType "swiss"]
[EventRounds "9"]
[EventCountry "BIH"]
[SourceTitle "EXT 2019"]
[Source "ChessBase"]
[SourceDate "2018.10.10"]
[SourceVersion "1"]
[SourceVersionDate "2018.10.10"]
[SourceQuality "1"]

1. e4 c5 2. Nf3 e6 3. Nc3 d6 4. d4 cxd4 5. Nxd4 Nf6 6. Be3 Be7 7. Qf3 0-0 8. 0-0-0 Nbd7 9. Be2 a6 10. g4 Ne5 11. Qg3 Qc7 12. g5 Nfd7 13. f4 Nc4 14. Bxc4 Qxc4 15. f5 Rd8 16. f6 Bf8 17. fxg7 Kxg7 18. Rhf1 Be7 19. Nd5 exd5 20. Nf5+ Kf8 21. g6 hxg6 22. Bh6+ Ke8 23. Ng7+ Kf8 24. Qxg6 Ne5 25. Qh7 Bh4 26. Nf5+ Ke8 27. Nxh4 Bg4 28. Rde1 d4 29. Kb1 Rac8 30. Rc1 Be6 31. b3 Qb4 32. Nf5 Kd7 33. Qg7 Nc4 34. Nxd4 Qc3 35. Rxf7+ 1-0

[Event "Cetinje op"]
[Site "Cetinje"]
[Date "2016.05.10"]
[Round "9"]
[White "Dhanush, Bharadwaj"]
[Black "Batricevic, Sasa"]
[Result "1/2-1/2"]
[WhiteElo "2310"]
[BlackElo "2296"]
[PlyCount "94"]
[EventDate "2016.05.04"]
[EventType "swiss"]
[EventRounds "9"]
[EventCountry "MNE"]
[SourceTitle "CBM 172 Extra"]
[Source "ChessBase"]
[SourceDate "2016.06.21"]
[SourceVersion "1"]
[SourceVersionDate "2016.06.21"]
[SourceQuality "1"]

1. c4 e6 2. g3 d5 3. Bg2 Nf6 4. Nf3 dxc4 5. Qa4+ Nbd7 6. Qxc4 Bd6 7. 0-0 0-0 8. d4 e5 9. Rd1 Qe7 10. Bg5 h6 11. Bxf6 Nxf6 12. dxe5 Bxe5 13. Nxe5 Qxe5 14. Nc3 c6 15. Rd2 Qh5 16. Rad1 Re8 17. Rd8 Be6 18. Rxe8+ Rxe8 19. Qd4 c5 20. Qa4 a6 21. Bf3 Qe5 22. Nd5 b5 23. Qc2 c4 24. b3 Bf5 25. Qc1 cxb3 26. axb3 Be6 27. Nxf6+ Qxf6 28. Qc6 Rd8 29. Rb1 Qg6 30. Be4 Bf5 31. Qc7 Re8 32. Bxf5 Qxf5 33. Re1 Qe6 34. Qc3 Rc8 35. Qd3 b4 36. Rb1 Rc3 37. Qd1 Qe4 38. Rb2 Kh7 39. Qd2 Qc6 40. Rb1 g6 41. Qf4 Qb7 42. Qf6 Rc6 43. Qd4 Qe7 44. Qd3 Qe6 45. Qd4 a5 46. e3 Rc3 47. Qd1 Kg7 1/2-1/2

[Event "Cetinje op"]
[Site "Cetinje"]
[Date "2016.05.08"]
[Round "7"]
[White "Kraljevic, Ivan"]
[Black "Batricevic, Sasa"]
[Result "1/2-1/2"]
[WhiteElo "2121"]
[BlackElo "2296"]
[PlyCount "20"]
[EventDate "2016.05.04"]
[EventType "swiss"]
[EventRounds "9"]
[EventCountry "MNE"]
[SourceTitle "CBM 172 Extra"]
[Source "ChessBase"]
[SourceDate "2016.06.21"]
[SourceVersion "1"]
[SourceVersionDate "2016.06.21"]
[SourceQuality "1"]

1. e4 c6 2. d4 d5 3. Nd2 dxe4 4. Nxe4 Bf5 5. Ng3 Bg6 6. Nf3 Nd7 7. h4 h6 8. Bd3 Bxd3 9. Qxd3 Ngf6 10. Bd2 e6 1/2-1/2

[Event "MNT-chT1"]
[Site "Bar"]
[Date "2015.09.26"]
[Round "1"]
[White "Pajkovic, Vladimir"]
[Black "Batricevic, Sasa"]
[Result "0-1"]
[WhiteElo "2421"]
[BlackElo "2253"]
[PlyCount "114"]
[EventDate "2015.09.26"]
[EventType "team-tourn"]
[EventRounds "9"]
[EventCountry "MNE"]
[SourceTitle "EXT 2017"]
[Source "ChessBase"]
[SourceDate "2016.10.25"]
[SourceVersion "1"]
[SourceVersionDate "2016.10.25"]
[SourceQuality "1"]

1. Nf3 d5 2. c4 e6 3. d4 c5 4. cxd5 exd5 5. Nc3 Nc6 6. Bg5 f6 7. Bf4 g5 8. Be3 g4 9. Nh4 f5 10. g3 Bg7 11. Bd2 cxd4 12. Na4 Nf6 13. Bg2 Ne4 14. 0-0 0-0 15. Bf4 b6 16. f3 gxf3 17. exf3 Nc5 18. Rc1 Nxa4 19. Qxa4 Na5 20. Rc7 Rf7 21. Rxf7 Kxf7 22. b4 Nc4 23. Bh3 Bd7 24. Qb3 Qf6 25. Qd3 Nb2 26. Qb3 Nc4 27. Qd3 Nb2 28. Qb3 Nc4 29. Re1 Re8 30. Rxe8 Kxe8 31. Qd3 Bh6 32. Bxh6 Qxh6 33. f4 Qe6 34. Kf2 Qe4 35. Bf1 Ne3 36. Nf3 Nxf1 37. Qxf1 Qe3+ 38. Kg2 d3 39. Qf2 Qe4 40. Kh3 Qe2 41. Kg2 Qe4 42. Kh3 Qxb4 43. Nd4 Qe7 44. Qb2 Qe3 45. Nb3 d4 46. Nd2 Qe2 47. Qxd4 Qxd2 48. Qe5+ Kf7 49. Qc7 Ke7 50. Qe5+ Be6 51. Qc7+ Kf6 52. Qd8+ Kg6 53. Qe8+ Bf7 54. Qe7 h6 55. Qd6+ Kh7 56. Qd7 Qxa2 57. Qxf5+ Bg6 0-1

[Event "MNT-chT 1st League"]
[Site "Podgorica"]
[Date "2014.08.31"]
[Round "3.3"]
[White "Batricevic, Sasa"]
[Black "Radonjic, Milan"]
[Result "1/2-1/2"]
[WhiteElo "2263"]
[BlackElo "1859"]
[PlyCount "72"]
[EventDate "2014.08.29"]
[EventType "team-tourn"]
[EventRounds "9"]
[EventCountry "MNE"]
[SourceTitle "EXT 2018"]
[Source "ChessBase"]
[SourceDate "2017.10.13"]
[SourceVersion "1"]
[SourceVersionDate "2017.10.13"]
[SourceQuality "1"]
[WhiteTeam "Crnogorac"]
[BlackTeam "Omladinac Buducnost"]
[WhiteTeamCountry "MNE"]
[BlackTeamCountry "MNE"]

1. e4 c5 2. Nf3 d6 3. d4 cxd4 4. Nxd4 Nf6 5. Nc3 a6 6. Bg5 e6 7. Qd3 Be7 8. 0-0-0 Nbd7 9. f4 Qc7 10. Be2 h6 11. Bh4 b5 12. a3 Rb8 13. Qg3 b4 14. axb4 Rxb4 15. Qxg7 Rg8 16. Qxh6 Rxd4 17. Rxd4 Bf8 18. Rc4 Qb8 19. Qxf6 Nxf6 20. Bxf6 Rxg2 21. e5 d5 22. Bf3 Rxc2+ 23. Kxc2 dxc4 24. Rd1 Bd7 25. Rg1 Qb6 26. Rg8 Qf2+ 27. Be2 Ba4+ 28. Kc1 Qe1+ 29. Bd1 Qe3+ 30. Kb1 Qd3+ 31. Kc1 Bxd1 32. Nxd1 Qh7 33. Rh8 Qg6 34. h4 c3 35. Nxc3 Qg1+ 36. Kc2 Qf2+ 1/2-1/2

[Event "Sarajevo Bosna op-A 43rd"]
[Site "Sarajevo"]
[Date "2013.06.08"]
[Round "9"]
[White "Bejtovic, Jasmin"]
[Black "Batricevic, Sasa"]
[Result "1-0"]
[WhiteElo "2397"]
[BlackElo "2252"]
[PlyCount "77"]
[EventDate "2013.06.01"]
[EventType "swiss"]
[EventRounds "9"]
[EventCountry "BIH"]
[SourceTitle "CBM 154 Extra"]
[Source "ChessBase"]
[SourceDate "2013.06.25"]
[SourceVersion "2"]
[SourceVersionDate "2013.06.25"]
[SourceQuality "1"]

1. e4 e5 2. Nf3 Nc6 3. d4 exd4 4. Nxd4 Bc5 5. Nxc6 Qf6 6. Qd2 dxc6 7. Nc3 Qg6 8. f3 Ne7 9. Bd3 f5 10. Qe2 Be6 11. Bd2 0-0-0 12. 0-0-0 Qf7 13. a3 f4 14. g3 g5 15. e5 Bd4 16. Ne4 Qg7 17. gxf4 gxf4 18. c3 Bxe5 19. Nc5 Ba2 20. Rhg1 Qf6 21. Ba6 Qf5 22. Bxb7+ Kb8 23. Ne4 Kxb7 24. Rg5 Qf7 25. Rxe5 Rd5 26. Nc5+ Rxc5 27. Rxc5 Qg6 28. Qe4 Nd5 29. c4 Qxe4 30. fxe4 Nb6 31. Bxf4 Bxc4 32. Re5 Rf8 33. Bg3 Bb3 34. Re1 Nc4 35. Re7 Rd8 36. Bxc7 Rd3 37. Rg7 Rh3 38. Bg3+ Kb6 39. e5 1-0

[Event "Montenegro Team Cup"]
[Site "Montenegro"]
[Date "2013.04.14"]
[Round "2.4"]
[White "Kontic, Djordjije"]
[Black "Batricevic, Sasa"]
[Result "1/2-1/2"]
[WhiteElo "2340"]
[BlackElo "2250"]
[PlyCount "32"]
[EventDate "2013.04.06"]
[EventType "swiss"]
[EventRounds "5"]
[EventCountry "MNE"]
[SourceTitle "CBM 154 Extra"]
[Source "ChessBase"]
[SourceDate "2013.06.25"]
[SourceVersion "2"]
[SourceVersionDate "2013.06.25"]
[SourceQuality "1"]

1. e4 e5 2. Nf3 Nc6 3. Bb5 g6 4. d4 exd4 5. Bg5 Be7 6. h4 h6 7. Bxe7 Qxe7 8. Bxc6 dxc6 9. Qxd4 Nf6 10. Nc3 c5 11. Qe3 Bd7 12. 0-0-0 0-0-0 13. Qf4 Nh5 14. Qe3 Nf6 15. Qf4 Nh5 16. Qe3 Nf6 1/2-1/2

[Event "Cetinje Batricevic Memorial op"]
[Site "Cetinje"]
[Date "2012.10.25"]
[Round "7"]
[White "Batricevic, Sasa"]
[Black "Andrejic, Vladica"]
[Result "1/2-1/2"]
[WhiteElo "2239"]
[BlackElo "2195"]
[PlyCount "46"]
[EventDate "2012.10.20"]
[EventType "swiss"]
[EventRounds "9"]
[EventCountry "MNE"]
[SourceTitle "EXT 2013"]
[Source "ChessBase"]
[SourceDate "2012.11.22"]
[SourceVersion "1"]
[SourceVersionDate "2012.11.22"]
[SourceQuality "1"]

1. e4 c5 2. Nf3 e6 3. d4 cxd4 4. Nxd4 Nc6 5. Nc3 Qc7 6. Be3 a6 7. Qf3 Bd6 8. 0-0-0 Be5 9. Nxc6 bxc6 10. Bd4 Nf6 11. Bxe5 Qxe5 12. Be2 0-0 13. Qe3 Qa5 14. g4 d5 15. e5 Ne8 16. g5 c5 17. Qh3 Rb8 18. Kb1 Qb4 19. b3 Qf4 20. Qg3 Qxg3 21. hxg3 f6 22. gxf6 gxf6 23. f4 fxe5 1/2-1/2

[Event "MNT-chTA"]
[Site "Cetinje"]
[Date "2012.10.05"]
[Round "7"]
[White "Arsovic, Zoran"]
[Black "Batricevic, Sasa"]
[Result "1/2-1/2"]
[WhiteElo "2434"]
[BlackElo "2239"]
[PlyCount "72"]
[EventDate "2012.09.07"]
[EventType "team-tourn"]
[EventRounds "9"]
[EventCountry "MNE"]
[SourceTitle "CBM 150 Extra"]
[Source "ChessBase"]
[SourceDate "2012.10.19"]
[SourceVersion "1"]
[SourceVersionDate "2012.10.19"]
[SourceQuality "1"]

1. Nf3 c5 2. c4 e6 3. g3 d5 4. Bg2 Nf6 5. 0-0 Nc6 6. d4 cxd4 7. Nxd4 Be7 8. Nc3 0-0 9. Be3 h6 10. cxd5 exd5 11. Rc1 Bg4 12. Qa4 Qd7 13. Nxd5 Nxd5 14. Bxd5 Nxd4 15. Qxd4 Bf6 16. Qd3 Bxe2 17. Bxf7+ Qxf7 18. Qxe2 Qxa2 19. Rc7 Rf7 20. Rfc1 Raf8 21. Rxf7 Rxf7 22. Bxa7 Re7 23. Be3 Qxb2 24. Rc8+ Kh7 25. Qd3+ g6 26. h4 Qe5 27. h5 Qf5 28. Qd8 Qe6 29. hxg6+ Kxg6 30. Qd3+ Qe4 31. Qd6 Qe5 32. Qd2 Bg5 33. Qd3+ Qe4 34. Qd6+ Qe6 35. Qd3+ Qe4 36. Qd6+ Qe6 1/2-1/2

[Event "MNT-chTA"]
[Site "Cetinje"]
[Date "2012.09.22"]
[Round "5"]
[White "Vujacic, Igor"]
[Black "Batricevic, Sasa"]
[Result "1/2-1/2"]
[WhiteElo "2193"]
[BlackElo "2239"]
[PlyCount "37"]
[EventDate "2012.09.07"]
[EventType "team-tourn"]
[EventRounds "9"]
[EventCountry "MNE"]
[SourceTitle "CBM 150 Extra"]
[Source "ChessBase"]
[SourceDate "2012.10.19"]
[SourceVersion "1"]
[SourceVersionDate "2012.10.19"]
[SourceQuality "1"]

1. e4 c5 2. Nf3 Nc6 3. d4 cxd4 4. Nxd4 e5 5. Nb5 a6 6. Nd6+ Bxd6 7. Qxd6 Qf6 8. Qxf6 Nxf6 9. Nc3 Nb4 10. Bd3 h6 11. Be3 d5 12. exd5 Nfxd5 13. Nxd5 Nxd5 14. Bd2 Be6 15. 0-0-0 0-0-0 16. Rde1 Nf4 17. Bxf4 exf4 18. Re4 Bxa2 19. Rxf4 1/2-1/2